000 01103nam a22002777a 4500
005 20240530110447.0
008 150428s2012 ua ao f b 000 0 ara d
017 _a2010/11354
_bمصر . دار الكتب المصرية
020 _a9789774214066
040 _aEG-CaGPL
082 0 4 _221
_a793.3192\
_bس م
100 0 _aسمر سعيد
245 1 0 _aمحمود رضا و الرقص الشعبى فى مصر /
_cتاليف سمر سعيد ؛ تقديم عصمت يحيى .
260 _aالقاهرة :
_bالهيئة المصرية العامة للكتاب ،
_c2010.
300 _a203 ص :
_bصور ؛
_c24 سم.
600 0 _aمحمود رضا.
600 0 _aمحمود رضا
_vتراجم.
600 0 _aمحمود رضا
_vرقصات
650 0 4 _aالرقص الشعبى المصرى.
650 0 4 _aالرقص
_xتاريخ
_yالعصر الفرعونى.
650 0 4 _aالرقص
_xتاريخ
_yالعصر الاسلامى.
650 0 4 _aالرقص
_xتاريخ
_zمصر
700 0 _aعصمت يحيى
_eمقدم
942 _2ddc
_cBK
999 _c61168
_d61168